Monuments artistiques et religieux de la Chartreuse de S. Martin a Naples

Salvato in:
Dettagli Bibliografici
Autore principale: Tufari, Raffaele (Autore)
Natura: Libro
Lingua:francese
Pubblicazione: Nápoles Imprimerie Ghio 1867
Edizione:1a. ed
Soggetti:
Tags: Aggiungi Tag
Nessun Tag, puoi essere il primo ad aggiungerne!!

MARC

LEADER 00000nam a2200000 a 4500
001 UCJ4858
003 CL-VaPUC
008 070124e18670000IT |||||||||||||||||fre|d
082 0 4 |a 726  |b TUF  |2 21 
100 0 |a Tufari, Raffaele  |e author  |9 509317 
245 1 0 |a Monuments artistiques et religieux de la Chartreuse de S. Martin a Naples 
250 |a 1a. ed 
300 |a 22 p 
942 |c BK 
945 |d 20070124 00:00:00  |a rinostro 
260 |a Nápoles  |b Imprimerie Ghio  |c 1867 
500 |a Esta obra se encuentra empastada junto a otras monografías en un volumen rotulado Miscelánea Literaria; ubicación, CH 860 MIS 
650 0 |a Arquitectura religiosa  |9 266677 
650 7 |a TEMPLOS  |2 CL-VaPUC  |9 266644 
651 7 |a NAPOLES  |2 CL-VaPUC  |9 344221 
583 |a last modification  |c 20070124 00:00:00  |k Rodrigo Vera 
999 |c 320973  |d 320971 
952 |0 0  |1 0  |4 0  |6 726_000000000000000_TUF_1867  |7 0  |8 X  |9 399621  |a FDOBUD  |b FDOBUD  |d 2019-11-22  |i 1027085  |o 726 TUF 1867  |p 1027085  |r 2019-11-22  |w 2019-11-22  |y BK_X  |k BUD